000 00528nam a2200181Ia 4500
001 4934
005 20260306145831.0
008 260306t2010||||xx |||||||||||||| ||spa||
041 _aESP
082 _a332
_bB85
100 _aBrun, Xavier
_eAUT
245 0 _aCómo interpretar la información económica:
_banálisis de mercados financieros: coyuntura económica, sistema financiero, política monetaria
260 _c2010
300 _a125 páginas :
_c23 cm.
650 _aGEN
654 _aCAN
942 _cLIB
_dJUS
_fJUS
_2ddc
_n
999 _c4934
_d4934